000 00396nam a2200145Ia 4500
008 240729s9999 xx 000 0 und d
245 0 _aConflict Studies Quarterly
260 _aRomania
260 _bAccent Publisher
650 _a International relations
650 _aPolitical science
856 _uhttps://doaj.org/toc/c23893759ae54bc0bf1e5481b59b83ba
942 _2ddc
942 _cDOAJEJ
999 _c72003
_d72003
945 _a1
_bMadushi Gamage
_c1
_dMadushi Gamage